| 000 | 00638nam a2200253Ia 4500 | ||
|---|---|---|---|
| 003 | OSt | ||
| 005 | 20221005121438.0 | ||
| 006 | a|||||r|||| 00| 0 | ||
| 007 | ta | ||
| 008 | 221004b |||||||| |||| 00| 0 ben d | ||
| 020 | _c1.00 | ||
| 024 | _a53818 | ||
| 037 | _cTextual | ||
| 040 |
_aCRL _cCRL _bben |
||
| 041 |
_2ben _aben |
||
| 082 | _aO157,3M76,18, 32J8 | ||
| 100 |
_aChatterji Sarachandra Au. _9630619 |
||
| 245 | 0 | _aHema | |
| 260 | _c1958 | ||
| 300 |
_a82p. _ccm. |
||
| 650 | _aBENGALI FICTION | ||
| 942 |
_hO157,3M76,18, 32J8 _cTEXL _2cc |
||
| 999 |
_c1041169 _d1041169 |
||